|
|
|
|
| LEADER |
01700nam a22004692i 4500 |
| 001 |
000285348 |
| 003 |
CZ BrMZK |
| 005 |
20171115091132.0 |
| 007 |
ta |
| 008 |
010907s1976 xr e b cze d |
| 015 |
|
|
|a cnb000458597
|
| 035 |
|
|
|a (OCoLC)42091136
|
| 040 |
|
|
|a ABA001
|b cze
|c KLG001
|d ABA001
|e rda
|d BOA001
|
| 043 |
|
|
|a e-xr---
|b e-xr-st
|2 czenas
|
| 072 |
|
7 |
|a 72
|x Architektura
|2 Konspekt
|9 21
|
| 072 |
|
7 |
|a 01
|x Bibliografie. Katalogy
|2 Konspekt
|9 12
|
| 080 |
|
|
|a 728.81
|2 MRF
|
| 080 |
|
|
|a 728.82
|2 MRF
|
| 080 |
|
|
|a 728.81
|2 MRF
|
| 080 |
|
|
|a 719:72
|2 MRF
|
| 080 |
|
|
|a (437.312)
|2 MRF
|
| 080 |
|
|
|a 019.922
|2 MRF
|
| 100 |
1 |
|
|a Kádnerová, Jiřina,
|d 1943-
|7 jk01052493
|4 aut
|
| 245 |
1 |
0 |
|a Hrady, zámky a tvrze ve Středočeském kraji :
|b výběrová bibliografie o zpřístupnělých objektech /
|c zpracovala Jiřina Kádnerová
|
| 264 |
|
1 |
|a Kladno :
|b Krajská knihovna,
|c 1976
|
| 300 |
|
|
|a 35 stran ;
|c 8°
|
| 336 |
|
|
|a text
|b txt
|2 rdacontent
|
| 337 |
|
|
|a bez média
|b n
|2 rdamedia
|
| 338 |
|
|
|a svazek
|b nc
|2 rdacarrier
|
| 490 |
1 |
|
|a Bibliografie. Malá řada ;
|v sv. 62
|
| 500 |
|
|
|a 250 výtisků
|
| 650 |
0 |
7 |
|a hrady
|7 ph120854
|z Česko
|2 czenas
|
| 650 |
0 |
7 |
|a zámky
|7 ph127734
|z Česko
|2 czenas
|
| 650 |
0 |
7 |
|a tvrze
|7 ph126812
|z Česko
|2 czenas
|
| 650 |
0 |
7 |
|a památkové objekty
|7 ph564300
|z Česko
|2 czenas
|
| 651 |
|
7 |
|a Středočeský kraj (Česko : 1960-1990)
|7 ge719559
|2 czenas
|
| 655 |
|
7 |
|a výběrové bibliografie
|7 fd186981
|2 czenas
|
| 830 |
|
0 |
|a Bibliografie (Krajská knihovna v Kladně).
|p Malá řada
|
| 910 |
|
|
|a BOA001
|b X-0755.742
|
| 990 |
|
|
|a BK
|
| 991 |
|
|
|b 201708
|
| 996 |
6 |
|
|b 2619880568
|c X-0755.742
|l MZK
|r Sklad / do 24 hodin
|n 9
|w 000285348
|u 000010
|a 1
|e BOA001
|j MZK50
|s P
|